Online Catalogue and eLibrary

Texts, Facts and Femininity: (Record no. 1056)

MARC details
000 -LEADER
fixed length control field 00479nam a2200181Ia 4500
005 - DATE AND TIME OF LATEST TRANSACTION
control field 20250312062452.0
008 - FIXED-LENGTH DATA ELEMENTS--GENERAL INFORMATION
fixed length control field 240331s9999 xx 000 0 und d
020 ## - INTERNATIONAL STANDARD BOOK NUMBER
ISBN 0415102448
082 ## - DDC Classification
Class No. 301.01
Item Number - Author Mark SMI
DDC Edition Number 3603
100 ## - MAIN ENTRY--PERSONAL NAME
Personal name Smith, D. E
245 #0 - TITLE STATEMENT
Title Texts, Facts and Femininity:
Remainder of title Exploring the Relations of Ruling
260 ## - PUBLICATION, DISTRIBUTION, ETC.
Place of publication, distribution, etc. London;
-- New York,
Name of publisher, distributor, etc. Routledge
Date of publication, distribution, etc. 1993
300 ## - PHYSICAL DESCRIPTION
Extent (e.g. Volumes, Pages etc.) vii, 247 p.,
650 ## - SUBJECT ADDED ENTRY--TOPICAL TERM
Topical term or geographic name entry element Feminism
650 ## - SUBJECT ADDED ENTRY--TOPICAL TERM
Topical term or geographic name entry element Sociology
650 ## - SUBJECT ADDED ENTRY--TOPICAL TERM
Topical term or geographic name entry element Politics
942 ## - Koha item type (Biblio)
Koha item type Books in Stacks (Lending)
Holdings
Lost status Damaged status Collection code Home library Current library Shelving location Date acquired Full call number Accession Number Item type
    Lending WERC Library WERC Library Social Science Cupboard 03/31/2024 301.01 SMI 3603 Books in Stacks (Lending)

© WERC Library